000 00321nam a22001571a 4500
999 _c146658
_d146658
082 _a294.592 15
_b
100 _a
245 _aAtharva veda samhita/
_c
260 _a
_b
_c
300 _a
650 _aAtharvaveda
650 _aVedic Literature
650 _aHinduism
650 _aReligion
942 _cBK